000 00363nam a2200133Ia 4500
008 230917s9999||||xx |||||||||||||| ||und||
040 _e158437
_aMAIN
041 _aEnglish
082 _a363.7 R141S
100 _aRamachandra, T V
245 0 _aSoil and groundwater pollution from Agricultural activities
260 _aNew Delhi
_bTeri Press
_c2009
942 _cBK
999 _c155290
_d155290